Pays frontaliers de l'Ouzbékistan - Statistiques

Statistiques générales
  • Ce quiz a été pris 31 fois
  • Le résultat moyen est 5 sur 5
Statistiques - réponses
Réponse % Correct
Kirghizistan
100%
Turkménistan
97%
Afghanistan
93%
Kazakhstan
90%
Tadjikistan
90%
Aucun quiz correspondant
Distribution des résultats
% des personnes avec chaque résultat
Percentile par nombre de réponses
Votre historique - résultats
Vous n’avez pas pris ce quiz